Missing Word: Rolling Stones A-Z Quiz Stats

 Plays Quiz Updated May 17, 2015

Challenge
Share
Tweet
Embed
Score 0/22 Timer 03:00
0 Plays Today
Song Missing Word % Correct
You Can't ___ Get What You WantAlways
98.3%
____ Tonk WomenHonky
97.2%
___ It BleedLet
95.5%
____ B. GoodeJohnny
95.4%
____ Needs Somebody to LoveEverybody
94.8%
Let's Spend the Night ___Together
94.2%
Jumpin' Jack ____Flash
93.3%
Get ___ of My CloudOff
91.8%
___ of BurdenBeast
91.7%
____ My ThumbUnder
91.2%
___ Only Rock 'n Roll (But I Like It)It's
89.9%
Song Missing Word % Correct
____ It, BlackPaint
88.9%
Brown ___Sugar
82.7%
Sympathy for the ___Devil
80.1%
____ ShelterGimme
77.4%
19th ____ BreakdownNervous
65.4%
____'s Little HelperMother
62.5%
Miss ___You
60.4%
____ on a FriendWaiting
53.8%
Can't You Hear Me ___Knocking
42.9%
Emotional ___Rescue
39.1%
She's So ____Cold
36.3%

Today's Daily Dose

You're not logged in!

Compare scores with friends on all Sporcle quizzes.
Join for Free
OR
Log In

You Might Also Like...

Show Comments

Extras

Top Quizzes Today


Score Distribution

Your Account Isn't Verified!

In order to create a playlist on Sporcle, you need to verify the email address you used during registration. Go to your Sporcle Settings to finish the process.

Report this User

Report this user for behavior that violates our Community Guidelines.

Details: